1711 1274 1263 1025 1158 1931 1529 1739 1535 1182 1019 1809 1019 1313 1009 1671 1662 1257 1361 1737 1028 1572 1474 1593 1376 1096 1776 1119 1451 1037 1050 1179 1653 1636 1719 1534 1040 1304 1418 1524 1673 1190 1526 1243 1743 1437 1990 1504 1052 1657 1513 1519 1297 1068 1721 1509 1213 1841 1009 1717 1365 1544 1770 1997 1187 1595 1846 1254 1937 1858 1915 1049 1066 1868 1975 1827 1738 1694 1419 1331 1345 1307 1038 1333 1884 1633 1558 1927 1573 1700 1379 1888 1898 1625 1272 1923 1882 1808 1791 BCNSPRNW ULIB Ver.6.0+V

เปลี่ยนเป็นภาษาไทย

Change to English
 แสดงรายละเอียดบรรณานุกรม
  กลับหน้าหลัก

Brief Record : Get Marc (ISO 2709) : E-mail record : QR code < ปิดหน้าต่าง
LEADER : 00000nam 2200000uu 4500
001    13399114202
003     ULIB
008    120302s2554||||th 000 0 tha d
020    ^a9741321651
060 04 ^aWR140^bต113 2554
245 00 ^aตจวิทยา =^bDermatology /^cยุพิน ไทยพิสุทธิกุล ...
246 31 ^aDermatology
250    ^aพิมพ์ครั้งที่ 3
260    ^aกรุงเทพฯ :^bยูเนี่ยน ครีเอชั่น,^c2554
300    ^a141 หน้า :^bภาพประกอบสี ;^c26 ซม.
500    ^aผู้แต่งร่วม, จิโรจ สินธวานนท์, ชำนาญ ชอบธรรมสกุล, อรศิริ
504    ^aบรรณานุกรมท้ายบท
505 0  ^a Cutaneous symtoms signs and diagnosis -- Investigations
650  4 ^aผิวหนัง, โรค
700 0  ^aยุพิน ไทยพิสุทธิกุล
700 0  ^aจิโรจ สินธวานนท์
700 0  ^aชำนาญ ชอบธรรมสกุล
700 0  ^aอรศิริ เสรีรัตน์
945    ^p0^l0^i18857
945    ^p0^l0^i18900
945    ^p145^l0^i24664
995    ^aกัณชพร
999 ^a ใช้งานได้ทุกระบบ
รายการนี้ยังไม่มีแท็ก
คุณยังไม่ได้ล็อกอิน คุณสามารถมีกิจกรรมร่วมกับเว็บไซต์ได้ แต่ต้องล็อกอินก่อน ::
  ล็อกอิน

รายการสื่อสารสนเทศ

ลำดับที่ ประเภท เลขเรียก/บาร์โค้ด สถานที่ สถานะ
1. วิทยาศาสตร์การแพทย์ และสุขภาพ
วิทยาศาสตร์การแพทย์ และสุขภาพ
สถานะ=หนังสือเก่า
WR140 ต113 2554  
  Barcode: 18857
ห้องสมุดวิทยาเขตนครสวรรค์
►ส่วนจัดเก็บหนังสือเก่า นว.
บนชั้น
  ขอยืม
2. วิทยาศาสตร์การแพทย์ และสุขภาพ
วิทยาศาสตร์การแพทย์ และสุขภาพ
สถานะ=หนังสือเก่า
WR140 ต113 2554 ฉ.2 
  Barcode: 18900
ห้องสมุดวิทยาเขตนครสวรรค์
►ส่วนจัดเก็บหนังสือเก่า นว.
บนชั้น
  ขอยืม

รายการใกล้เคียง
    หัวเรื่อง [ผิวหนัง, โรค]

BibComment


ยังไม่เคยถูกคอมเมนท์

คอมเมนท์ทรัพยากรรายการนี้
  คอมเมนท์: ตจวิทยา Dermato..


 Copyright 2026. Bcnsprnw @Library